<?xml version="1.0" encoding="UTF-8"?>
<collection xmlns="http://www.loc.gov/MARC21/slim">
 <record>
  <leader>01309nam a2200205Ia 4500</leader>
  <controlfield tag="001">TDMU_19630</controlfield>
  <controlfield tag="008">210410s9999    xx            000 0 und d</controlfield>
  <datafield tag="082" ind1=" " ind2=" ">
   <subfield code="a">330.9597</subfield>
  </datafield>
  <datafield tag="090" ind1=" " ind2=" ">
   <subfield code="b">L250</subfield>
  </datafield>
  <datafield tag="100" ind1=" " ind2=" ">
   <subfield code="a">Lê, Thông</subfield>
  </datafield>
  <datafield tag="245" ind1=" " ind2="0">
   <subfield code="a">Địa lý kinh tế - xã hội Việt Nam</subfield>
  </datafield>
  <datafield tag="260" ind1=" " ind2=" ">
   <subfield code="a">H.</subfield>
  </datafield>
  <datafield tag="260" ind1=" " ind2=" ">
   <subfield code="b">Đại học Sư phạm</subfield>
  </datafield>
  <datafield tag="260" ind1=" " ind2=" ">
   <subfield code="c">2012</subfield>
  </datafield>
  <datafield tag="300" ind1=" " ind2=" ">
   <subfield code="a">495tr.</subfield>
  </datafield>
  <datafield tag="520" ind1=" " ind2=" ">
   <subfield code="a">Gồm 3 chương: chương đầu đề cập đến thiên nhiên và con người Việt Nam; chương 2 trình bày tổ chức lãnh thổ các ngành kinh tế chủ yếu như công nghiệp, nông - lâm - ngư nghiệp và dịch vụ; chương cuối tập trung vào nội dung tổ chức lãnh thổ của các vùng.; DL029</subfield>
   <subfield code="d">Địa lý kinh tế xã hội Việt Nam 2; DL009</subfield>
   <subfield code="d">Địa lý kinh tế xã hội Việt Nam 1; DL017</subfield>
   <subfield code="d">Địa lý kinh tế xã hội Việt Nam</subfield>
  </datafield>
  <datafield tag="650" ind1=" " ind2=" ">
   <subfield code="a">Địa lý kinh tế xã hội</subfield>
   <subfield code="z">Việt Nam; Lãnh thổ vùng</subfield>
   <subfield code="z">Việt Nam; Kinh tế - xã hội</subfield>
   <subfield code="x">Địa lí</subfield>
   <subfield code="z">Việt Nam </subfield>
  </datafield>
  <datafield tag="700" ind1=" " ind2=" ">
   <subfield code="a">Nguyễn, Văn Phú</subfield>
  </datafield>
  <datafield tag="856" ind1=" " ind2=" ">
   <subfield code="u">http://lrc.tdmu.edu.vn/opac/search/detail.asp?aID=2&amp;ID=19630</subfield>
  </datafield>
  <datafield tag="980" ind1=" " ind2=" ">
   <subfield code="a">Trung tâm Học liệu Trường Đại học Thủ Dầu Một</subfield>
  </datafield>
 </record>
</collection>
